00805nam a22002417a 450000500170000001000150001702000260003203500140005803700130007208200120008524501110009726000430020827001080025130000210035950000240038070000170040470000170042170000210043870000200045970000250047970000280050470000310053220191122111739.0 aENG-126977 a9789389146738c680.00 aEN-110509 bDBAD/PUB a336.954 aInternational conference on tax performance of central government in India /ced.by Mercy Henry ...[et al] aTamil NadubShanlax Publicationsc2019 a61, 66 T.P.K. Main RoadbVasanta Nagar, Maduraie625003k0452-4208765mpublisher@shanlaxpublication.com a359p.c24cm(pbk) aIncludes references aHenry, Mercy aAsma, L.Noor aA.Shunmuga Priya aJothi, R. Aruna aRahmath Ameena Begum aBellinta, A. Nesa Agnes aJeyaseli, Hepzibah Vinsyah